[Event "4NCL/Div2/3Cs-BIG2"]
[Site "Rd8-Birmingham"]
[Date "2000.03.26"]
[Round "8.6"]
[White "Bourne, James"]
[Black "Whitworth, Philip"]
[Result "1-0"]
[WhiteElo "2150"]
[BlackElo "1935"]
[PlyCount "91"]
[EventDate "2000.03.26"]

1. d4 f5 2. Nf3 Nf6 3. g3 g6 4. Bg2 Bg7 5. O-O O-O 6. c4 d6 7. Nc3 Qe8 8. d5 e5
9. dxe6 Qxe6 10. Nd5 Na6 11. Nd4 Qe8 12. Nxf6+ Rxf6 13. Be3 c6 14. Qc2 Nc5 15.
Rad1 Ne4 16. Nf3 Re6 17. Rfe1 Nf6 18. Bf4 d5 19. Nd4 Re7 20. cxd5 Nxd5 21.
Bxd5+ cxd5 22. Qb3 Qf7 23. Rd2 Re4 24. Nb5 Be5 25. Bxe5 Rxe5 26. Red1 Be6 27.
Qc3 Qg7 28. Nc7 Rf8 29. Nxe6 Rxe6 30. Qxg7+ Kxg7 31. e3 Rb6 32. b3 Rc8 33. Rxd5
Rc2 34. R1d2 Rxd2 35. Rxd2 Kf6 36. Kf1 Ke5 37. Rd7 Ra6 38. Rxh7 Rxa2 39. Rxb7
Ke4 40. Kg2 a5 41. Rb6 g5 42. h4 gxh4 43. gxh4 f4 44. exf4 Kxf4 45. Rb5 Rb2 46.
h5 1-0

[Event "4NCL/Div2/3Cs-BIG2"]
[Site "Rd8-Birmingham"]
[Date "2000.03.26"]
[Round "8.7"]
[White "Ashton, Adam"]
[Black "Acey, Gerald"]
[Result "1-0"]
[WhiteElo "1840"]
[BlackElo "2136"]
[PlyCount "81"]
[EventDate "2000.03.26"]

1. e4 Nf6 2. e5 Nd5 3. d4 d6 4. Bc4 Nb6 5. Bb3 dxe5 6. Qh5 e6 7. dxe5 Nc6 8.
Nf3 a5 9. a4 Nd4 10. Nxd4 Qxd4 11. O-O Bd7 12. Be3 Qb4 13. Nc3 Be7 14. Rfd1 Bc6
15. Rd4 Qc5 16. Re4 Bxe4 17. Bxc5 Bg6 18. Qe2 Bxc5 19. Qb5+ Nd7 20. Rd1 O-O-O
21. Rxd7 Rxd7 22. Qxc5 Be4 23. h3 b6 24. Qc4 Bb7 25. Qg4 Rdd8 26. Nb5 h5 27.
Qe2 Rd7 28. c3 Kb8 29. Nd4 g5 30. Bc2 Rd5 31. Bb3 Rc5 32. Qe3 g4 33. h4 Rg8 34.
Ba2 g3 35. f4 Rd8 36. Qxg3 Rxd4 37. cxd4 Rc2 38. Qg8+ Ka7 39. Qxf7 Rxb2 40.
Bxe6 Rxg2+ 41. Kf1 1-0

[Event "4NCL/Div2/3Cs-BIG2"]
[Site "Rd8-Birmingham"]
[Date "2000.03.26"]
[Round "8.8"]
[White "Howard, Marieanne"]
[Black "Martin, Katie"]
[Result "1-0"]
[WhiteElo "1536"]
[BlackElo "1168"]
[PlyCount "139"]
[EventDate "2000.03.26"]

1. d4 f5 2. c4 Nf6 3. Nc3 e6 4. Bg5 Be7 5. Nf3 O-O 6. d5 Qe8 7. a3 h6 8. Bf4 d6
9. dxe6 Bxe6 10. Qb3 Qc6 11. e3 a6 12. Nd4 Qd7 13. Qxb7 c5 14. Qxa8 cxd4 15.
exd4 Nc6 16. Qxa6 Nxd4 17. Bd3 Nb3 18. Rd1 Nc5 19. Qb5 Nxd3+ 20. Rxd3 Qa7 21.
Qc6 Rc8 22. Qa4 Qb7 23. Nd5 Nxd5 24. cxd5 Bxd5 25. Rxd5 Qxd5 26. O-O Bf6 27. b4
Kh7 28. Rd1 Qe6 29. Bxd6 Re8 30. h3 Qe2 31. Bc5 f4 32. Qd7 Kh8 33. Qd2 f3 34.
Qc1 fxg2 35. Kxg2 Qe4+ 36. Kg1 Qg6+ 37. Kf1 Qf5 38. Be3 Qxh3+ 39. Ke1 Bg5 40.
Rd3 Qf3 41. Qd1 Qg2 42. Qe2 Qe4 43. b5 Qh1+ 44. Kd2 Qa1 45. Qd1 Qb2+ 46. Qc2
Qxb5 47. Bxg5 Qxg5+ 48. Re3 Qa5+ 49. Qc3 Qd5+ 50. Kc2 Qf5+ 51. Kd1 Rf8 52. f3
Qd7+ 53. Rd3 Rxf3 54. Ke2 Rxd3 55. Qxd3 Qe6+ 56. Kd2 Qa2+ 57. Ke3 Qe6+ 58. Qe4
Qb6+ 59. Qd4 Qb3+ 60. Qd3 Qb6+ 61. Qd4 Qb3+ 62. Qd3 Qa4 63. Qd8+ Kh7 64. Qe7 h5
65. Qe4+ Qxe4+ 66. Kxe4 h4 67. Kf4 Kg6 68. a4 Kh5 69. a5 g5+ 70. Kf3 1-0

[Event "4NCL/Div2/BAR2-IIT2"]
[Site "Rd8-Birmingham"]
[Date "2000.03.26"]
[Round "8.1"]
[White "Duncan, Chris"]
[Black "Farndon, David"]
[Result "1/2-1/2"]
[WhiteElo "2302"]
[BlackElo "2253"]
[PlyCount "58"]
[EventDate "2000.03.26"]

1. c4 e5 2. Nc3 Nc6 3. g3 f5 4. Bg2 Nf6 5. d3 Bb4 6. Bd2 a6 7. Nf3 O-O 8. O-O
d6 9. a3 Bc5 10. b4 Ba7 11. Qb3 Kh8 12. a4 Nd4 13. Nxd4 exd4 14. Nd5 Nxd5 15.
cxd5 Qe7 16. Rfe1 Bd7 17. Bf3 h6 18. Rec1 Rac8 19. b5 axb5 20. axb5 Bc5 21. Bb4
b6 22. Bd2 Ra8 23. Ra6 Rfc8 24. Rca1 Qe8 25. h4 Kh7 26. h5 Rab8 27. Rb1 Ra8 28.
Rba1 Rab8 29. Rb1 Ra8 1/2-1/2

[Event "4NCL/Div2/BAR2-IIT2"]
[Site "Rd8-Birmingham"]
[Date "2000.03.26"]
[Round "8.2"]
[White "Alfred, Nathan"]
[Black "D'Costa, Lorin"]
[Result "1-0"]
[WhiteElo "2200"]
[BlackElo "2215"]
[PlyCount "113"]
[EventDate "2000.03.26"]

1. e4 c5 2. Nf3 e6 3. d4 cxd4 4. Nxd4 a6 5. Bd3 Nf6 6. O-O Qc7 7. c4 Nc6 8.
Nxc6 dxc6 9. Nc3 e5 10. h3 Bc5 11. Bg5 Nd7 12. Rb1 Nf8 13. b4 Ne6 14. Bc1 Be7
15. c5 O-O 16. Be3 Bg5 17. Bxg5 Nxg5 18. Na4 Rd8 19. Nb6 Rb8 20. Qe2 Bxh3 21.
f4 exf4 22. gxh3 Nxh3+ 23. Kh1 Qe7 24. Rb3 Qh4 25. Qh2 Qg3 26. Bc4 Qxh2+ 27.
Kxh2 Ng5 28. Rxf4 Rd2+ 29. Kg3 Rbd8 30. Re3 h6 31. Bb3 R2d4 32. Nc4 Ne6 33. Rf2
Ng5 34. Nd6 Rxb4 35. Nxf7 Rxb3 36. Nxh6+ gxh6 37. axb3 Re8 38. e5 Ne6 39. b4 a5
40. bxa5 Nxc5 41. Kh4 Re6 42. Kh5 Nd7 43. Rf5 Kg7 44. Rg3+ Kh8 45. Rd3 Nc5 46.
Rd6 Kg7 47. Rxe6 Nxe6 48. Rf6 Nc5 49. Rxh6 Nb3 50. a6 bxa6 51. Rxc6 a5 52. Rc7+
Kf8 53. Kg6 Nd2 54. Ra7 Nc4 55. Kf6 Ke8 56. e6 Nb6 57. Rxa5 1-0

[Event "4NCL/Div2/BAR2-IIT2"]
[Site "Rd8-Birmingham"]
[Date "2000.03.26"]
[Round "8.3"]
[White "Lewis, Andrew P"]
[Black "Cooper, Andrew G"]
[Result "1-0"]
[WhiteElo "2266"]
[BlackElo "2132"]
[PlyCount "69"]
[EventDate "2000.03.26"]

1. c4 e6 2. Nc3 Bb4 3. e4 c5 4. g3 b6 5. Bg2 Bb7 6. Nge2 Nf6 7. O-O d6 8. d4
O-O 9. d5 e5 10. f4 Ne8 11. f5 Bxc3 12. Nxc3 Qd7 13. g4 Ba6 14. b3 b5 15. cxb5
Bxb5 16. Rf3 f6 17. Rg3 a5 18. a4 Ba6 19. h4 Qb7 20. g5 Ra7 21. Kh2 g6 22. gxf6
Rxf6 23. h5 Ng7 24. hxg6 hxg6 25. Bg5 Rf8 26. fxg6 Nd7 27. Qg4 Nf6 28. Qh4 Nfh5
29. Bf3 Rxf3 30. Rxf3 Qxb3 31. Qf2 Ra8 32. Nb5 Qc4 33. Rf1 Nf4 34. Bxf4 Bxb5
35. axb5 1-0

[Event "4NCL/Div2/BAR2-IIT2"]
[Site "Rd8-Birmingham"]
[Date "2000.03.26"]
[Round "8.4"]
[White "Howell, Chris"]
[Black "Twyble, Michael"]
[Result "1/2-1/2"]
[WhiteElo "2160"]
[BlackElo "2214"]
[PlyCount "65"]
[EventDate "2000.03.26"]

1. e4 c5 2. c3 e5 3. Bc4 Nc6 4. d3 Nf6 5. f4 exf4 6. Nf3 d5 7. exd5 Nxd5 8. O-O
Be6 9. Bxd5 Qxd5 10. Bxf4 Be7 11. Na3 O-O 12. Qe2 Rad8 13. Rad1 Qxa2 14. Ng5
Bxg5 15. Bxg5 Rde8 16. Qf2 Qd5 17. Qg3 Ne7 18. Bf6 Ng6 19. c4 Qd7 20. Bc3 f5
21. Qf2 b6 22. d4 cxd4 23. Rxd4 Qc6 24. Rfd1 f4 25. Bb4 Rf5 26. Rd6 Qa4 27. Bc3
f3 28. gxf3 Rg5+ 29. Kh1 Bh3 30. Rg1 Rxg1+ 31. Kxg1 Nf4 32. Qd2 Ne2+ 33. Kf2
1/2-1/2

[Event "4NCL/Div2/BAR2-IIT2"]
[Site "Rd8-Birmingham"]
[Date "2000.03.26"]
[Round "8.5"]
[White "Sands, David"]
[Black "Lock, Gavin"]
[Result "1/2-1/2"]
[WhiteElo "2258"]
[BlackElo "2079"]
[PlyCount "53"]
[EventDate "2000.03.26"]

1. d4 d5 2. c4 c6 3. Nc3 Nf6 4. e3 a6 5. Qc2 b5 6. b3 Nbd7 7. Nf3 e6 8. Bd3
bxc4 9. bxc4 dxc4 10. Bxc4 c5 11. d5 exd5 12. Nxd5 Bb7 13. Nxf6+ Qxf6 14. Bb2
Qg6 15. Qxg6 hxg6 16. O-O Nb6 17. Bb3 Rh5 18. e4 c4 19. Bc2 O-O-O 20. Bd4 Nd7
21. Rab1 Nc5 22. Rb4 Bxe4 23. Bxe4 Nxe4 24. Rxc4+ Kb7 25. a4 Bc5 26. Bxc5 Nxc5
27. Rb1+ 1/2-1/2

[Event "4NCL/Div2/BAR2-IIT2"]
[Site "Rd8-Birmingham"]
[Date "2000.03.26"]
[Round "8.6"]
[White "Garner, David"]
[Black "Mack, Andrew"]
[Result "0-1"]
[WhiteElo "2123"]
[BlackElo "2280"]
[PlyCount "80"]
[EventDate "2000.03.26"]

1. e4 e6 2. d4 d5 3. Nd2 Nf6 4. e5 Nfd7 5. Bd3 c5 6. c3 Nc6 7. Ne2 cxd4 8. cxd4
f6 9. Nf4 Nxd4 10. Qh5+ Ke7 11. Ng6+ hxg6 12. exf6+ Kxf6 13. Qxh8 Kf7 14. Qh3
Qf6 15. Nf3 Bb4+ 16. Bd2 Bxd2+ 17. Nxd2 Nc5 18. Qe3 Bd7 19. Nf3 Nxf3+ 20. gxf3
Qxb2 21. O-O b6 22. Qf4+ Qf6 23. Qxf6+ gxf6 24. Be2 Bc6 25. Rac1 Rd8 26. Rfd1
f5 27. f4 Kf6 28. Bf3 g5 29. Rd4 gxf4 30. Rcd1 e5 31. Bxd5 exd4 32. Bxc6 d3 33.
Kg2 Ke5 34. Kf3 Rh8 35. Bb5 Rxh2 36. Rd2 Kd4 37. Kxf4 Kc3 38. Rd1 Rxf2+ 39. Ke3
Rxa2 40. Bxd3 f4+ 0-1

[Event "4NCL/Div2/BAR2-IIT2"]
[Site "Rd8-Birmingham"]
[Date "2000.03.26"]
[Round "8.7"]
[White "Kieran, Rosalind"]
[Black "Houska, Mario"]
[Result "1-0"]
[WhiteElo "2085"]
[BlackElo "1560"]
[PlyCount "53"]
[EventDate "2000.03.26"]

1. e4 d5 2. exd5 Qxd5 3. Nc3 Qa5 4. d4 Nf6 5. Bd3 c6 6. Nf3 Bg4 7. O-O e6 8.
Bd2 Bd6 9. Nb5 Qd8 10. Nxd6+ Qxd6 11. c3 O-O 12. Be3 Nbd7 13. Re1 Nb6 14. c4
Qc7 15. Rc1 Rac8 16. Be2 Rfe8 17. h3 Bh5 18. Ne5 Bxe2 19. Qxe2 Nbd7 20. Bf4
Nxe5 21. dxe5 Nd7 22. Qg4 Nf8 23. h4 Qe7 24. Bg5 Qc7 25. h5 Qa5 26. Bf6 g6 27.
Qg5 1-0

[Event "4NCL/Div2/BAR2-IIT2"]
[Site "Rd8-Birmingham"]
[Date "2000.03.26"]
[Round "8.8"]
[White "Barraclough, Stephanie"]
[Black "Moore, John"]
[Result "0-1"]
[WhiteElo "1160"]
[BlackElo "2148"]
[PlyCount "84"]
[EventDate "2000.03.26"]

1. e4 Nf6 2. e5 Nd5 3. d4 d6 4. Nf3 g6 5. c4 Nb6 6. Bf4 Bg4 7. h3 Bxf3 8. Qxf3
Nc6 9. d5 Nxe5 10. Bxe5 dxe5 11. Nc3 Bg7 12. Be2 O-O 13. O-O f5 14. Rad1 Nd7
15. b4 a5 16. a3 axb4 17. axb4 Ra3 18. Rc1 Nb6 19. Qd3 Na4 20. Qd2 Nxc3 21.
Rxc3 Ra4 22. Rb3 Qd7 23. c5 Rfa8 24. Rbb1 Ra2 25. Qd3 R8a3 26. Qc4 Kh8 27. Rfd1
h5 28. c6 Qc8 29. cxb7 Qxb7 30. Rdc1 Ra7 31. b5 e4 32. Bf1 Be5 33. Qc6 Qxc6 34.
dxc6 Ra8 35. Bc4 R2a7 36. Bf7 Kg7 37. Be6 Kf6 38. Bd7 Rb8 39. Rc4 Rxb5 40. Rd1
Rb2 41. g3 Raa2 42. Rf1 Bxg3 0-1

[Event "4NCL/Div2/BCCA-GWD"]
[Site "Rd8-Birmingham"]
[Date "2000.03.26"]
[Round "8.1"]
[White "Toothill, John"]
[Black "Varley, Peter"]
[Result "1/2-1/2"]
[WhiteElo "2226"]
[BlackElo "2240"]
[PlyCount "37"]
[EventDate "2000.03.26"]

1. e4 e5 2. Nf3 Nc6 3. Bb5 d6 4. c3 Bd7 5. O-O g6 6. d4 Bg7 7. Be3 Nge7 8. Nbd2
O-O 9. Qe2 Qe8 10. Bc4 Kh8 11. Rad1 b6 12. Nb3 a5 13. Qd2 Bg4 14. Be2 a4 15.
Nc1 Na5 16. Bh6 Bxh6 17. Qxh6 Bxf3 18. Bxf3 f6 19. Be2 1/2-1/2

[Event "4NCL/Div2/BCCA-GWD"]
[Site "Rd8-Birmingham"]
[Date "2000.03.26"]
[Round "8.2"]
[White "Walden-Jones, Andrew"]
[Black "Wise, David"]
[Result "0-1"]
[WhiteElo "2135"]
[BlackElo "2145"]
[PlyCount "74"]
[EventDate "2000.03.26"]

1. e4 c5 2. Nf3 Nc6 3. Bb5 g6 4. Bxc6 dxc6 5. O-O Bg7 6. h3 e5 7. d3 Qe7 8. Qe1
Nf6 9. Bg5 h6 10. Be3 O-O 11. Nc3 Ne8 12. Nd2 Nc7 13. Nb3 Ne6 14. Qd2 Kh7 15.
f3 Bd7 16. Ne2 b6 17. c3 Rfd8 18. Rad1 Bc8 19. Qc2 Ba6 20. Nbc1 Rd7 21. f4 exf4
22. Nxf4 Rad8 23. g3 Nxf4 24. gxf4 Bxd3 25. Rxd3 Rxd3 26. Nxd3 Qxe4 27. Kf2
Rxd3 28. Re1 Qf5 29. Kg2 Bf6 30. Qa4 Bh4 31. Re2 Qd5+ 32. Kh2 Rxe3 33. Rxe3
Qd2+ 34. Kh1 Qxe3 35. Qc4 Qf3+ 36. Kg1 Bf2+ 37. Kf1 Bg3+ 0-1

[Event "4NCL/Div2/BCCA-GWD"]
[Site "Rd8-Birmingham"]
[Date "2000.03.26"]
[Round "8.3"]
[White "Spence, David"]
[Black "White, Ian G"]
[Result "1-0"]
[WhiteElo "2160"]
[BlackElo "2150"]
[PlyCount "55"]
[EventDate "2000.03.26"]

1. e4 e6 2. d4 d5 3. Nc3 Bb4 4. e5 c5 5. Bd2 cxd4 6. Nb5 Bxd2+ 7. Qxd2 Nc6 8.
f4 Nge7 9. Nd6+ Kf8 10. Nf3 h6 11. Bd3 Qb6 12. O-O Bd7 13. a3 a6 14. Qe2 Nc8
15. Nxc8 Rxc8 16. Nh4 Ne7 17. Qf2 Rc7 18. g4 g6 19. Kh1 Bb5 20. Bxb5 Qxb5 21.
f5 exf5 22. gxf5 Rg8 23. e6 g5 24. exf7 Kxf7 25. f6 Nc8 26. Qf5 Qd7 27. Qh7+
Kf8 28. Qxh6+ 1-0

[Event "4NCL/Div2/BCCA-GWD"]
[Site "Rd8-Birmingham"]
[Date "2000.03.26"]
[Round "8.4"]
[White "Adams, Mark"]
[Black "Savory, Richard"]
[Result "0-1"]
[WhiteElo "2034"]
[BlackElo "2100"]
[PlyCount "50"]
[EventDate "2000.03.26"]

1. e4 c5 2. Nf3 d6 3. d4 cxd4 4. Nxd4 Nf6 5. Nc3 a6 6. Bc4 e6 7. O-O Be7 8. Re1
O-O 9. a4 Qc7 10. Bd3 Nc6 11. Nxc6 bxc6 12. e5 dxe5 13. Qf3 Nd5 14. Qe4 f5 15.
Nxd5 cxd5 16. Qxe5 Bd6 17. Qd4 Bxh2+ 18. Kh1 Bd6 19. b4 Qf7 20. Bb2 Rb8 21. b5
Bb7 22. Rxe6 Bc5 23. Qe5 Bxf2 24. Be2 Rbe8 25. Rxe8 Rxe8 0-1

[Event "4NCL/Div2/BCCA-GWD"]
[Site "Rd8-Birmingham"]
[Date "2000.03.26"]
[Round "8.5"]
[White "Donnelly, Martin"]
[Black "Fletcher, John"]
[Result "0-1"]
[WhiteElo "2016"]
[BlackElo "2100"]
[PlyCount "90"]
[EventDate "2000.03.26"]

1. Nf3 d5 2. g3 Nc6 3. Bg2 e5 4. d3 Be7 5. O-O g5 6. c4 d4 7. Na3 h5 8. Nc2 a5
9. Rb1 h4 10. a3 g4 11. Nfe1 Qd6 12. f3 Qg6 13. fxg4 Qxg4 14. gxh4 Qxh4 15. Nf3
Qh5 16. e4 Bg4 17. Qe2 Ra6 18. Qf2 Nd8 19. Nce1 Rg6 20. b4 axb4 21. axb4 Nf6
22. Rb2 Nh7 23. c5 Ng5 24. Bxg5 Bxg5 25. Qe2 Be3+ 26. Kh1 Rgh6 27. h4 Qg6 28.
Rf2 Bxf3 29. Nxf3 Qg3 30. Ra2 Ra6 31. Rxa6 bxa6 32. Kg1 f6 33. Kf1 Qxf2+ 34.
Qxf2 Bxf2 35. Kxf2 Nc6 36. Kg3 Rg8+ 37. Kf2 Rxg2+ 38. Kxg2 Nxb4 39. Ne1 a5 40.
Kg3 a4 41. Nf3 Nxd3 42. Nd2 Nxc5 43. Nc4 Nxe4+ 44. Kf3 Nd6 45. Nd2 c5 0-1

[Event "4NCL/Div2/BCCA-GWD"]
[Site "Rd8-Birmingham"]
[Date "2000.03.26"]
[Round "8.6"]
[White "Blackburn, Jonathan"]
[Black "Hardman, Michael"]
[Result "1/2-1/2"]
[WhiteElo "1896"]
[BlackElo "2008"]
[PlyCount "110"]
[EventDate "2000.03.26"]

1. d4 d5 2. c4 Nc6 3. Nc3 e6 4. Nf3 Nf6 5. Bg5 Be7 6. e3 O-O 7. Qc2 h6 8. h4
Nb4 9. Qb1 dxc4 10. Bxf6 Bxf6 11. Bxc4 c5 12. Ne4 cxd4 13. Nxf6+ Qxf6 14. exd4
b5 15. Be2 Bb7 16. a3 Nd5 17. Qe4 Rab8 18. Qe5 Nf4 19. Qxf6 gxf6 20. g3 Nd3+
21. Bxd3 Bxf3 22. Rg1 Rfd8 23. Kd2 Rxd4 24. Ke3 Rd6 25. b4 Bd5 26. Rac1 a6 27.
Rc7 Rbd8 28. Rgc1 R6d7 29. Be2 Kg7 30. Bd3 f5 31. R1c3 Kf6 32. f4 Ke7 33. R7c5
Rg8 34. Kf2 Be4 35. Be2 Rgd8 36. a4 bxa4 37. Ra5 Rd4 38. Rxa4 a5 39. Rxa5 Rxb4
40. Rc7+ Rd7 41. Rxd7+ Kxd7 42. Ra7+ Ke8 43. Rc7 Kf8 44. Ke3 Rb7 45. Rxb7 Bxb7
46. Bd1 Ke7 47. Be2 f6 48. Bd3 Bc8 49. Kd4 Kd6 50. Be2 e5+ 51. Ke3 Kc5 52. Bd1
Kc4 53. Ba4 Kc3 54. Bd1 Bd7 55. Be2 Be6 1/2-1/2

[Event "4NCL/Div2/BCCA-GWD"]
[Site "Rd8-Birmingham"]
[Date "2000.03.26"]
[Round "8.7"]
[White "Hardy, Otto"]
[Black "Brown, Alan M"]
[Result "1-0"]
[WhiteElo "1888"]
[BlackElo "1952"]
[PlyCount "83"]
[EventDate "2000.03.26"]

1. e4 e6 2. Nc3 d5 3. f4 dxe4 4. Nxe4 c5 5. Bb5+ Bd7 6. Bxd7+ Qxd7 7. Nf3 Nc6
8. O-O Be7 9. d3 Nf6 10. Be3 Ng4 11. Qe2 Nd4 12. Nxd4 Nxe3 13. Qxe3 Qxd4 14.
Qxd4 cxd4 15. Rae1 O-O 16. f5 exf5 17. Rxf5 Rac8 18. Re5 Bb4 19. Re2 f5 20. Ng5
Bd6 21. Rd5 Bf4 22. Ne6 Be3+ 23. Kf1 Rf7 24. Nxd4 Bxd4 25. Rxd4 Kf8 26. c4 g6
27. Re5 Re8 28. Rxe8+ Kxe8 29. Ke2 Re7+ 30. Kd2 Kf7 31. Rf4 Kf6 32. Rf2 g5 33.
g3 h6 34. b4 Re6 35. c5 Ra6 36. Kc3 Re6 37. d4 Re4 38. b5 Ke6 39. Kd3 Re1 40.
Re2+ Rxe2 41. Kxe2 Kd5 42. Kd3 1-0

[Event "4NCL/Div2/BCCA-GWD"]
[Site "Rd8-Birmingham"]
[Date "2000.03.26"]
[Round "8.8"]
[White "Blackburn, Suzie"]
[Black "Khoo, Teresa"]
[Result "1/2-1/2"]
[WhiteElo "1496"]
[BlackElo "1456"]
[PlyCount "123"]
[EventDate "2000.03.26"]

1. d4 Nf6 2. Nf3 g6 3. Bg5 Bg7 4. Nbd2 d5 5. e3 b6 6. Bd3 Bb7 7. O-O O-O 8. Re1
Nbd7 9. e4 dxe4 10. Nxe4 Rc8 11. c3 c5 12. Rc1 Re8 13. Bc2 Nxe4 14. Bxe4 Bxe4
15. Rxe4 cxd4 16. Nxd4 Nf6 17. Rh4 Qd5 18. Bh6 Bxh6 19. Rxh6 Nh5 20. Qg4 Rc5
21. Re1 Kg7 22. Rxh5 Qxh5 23. Qxh5 Rxh5 24. Nc6 e6 25. a3 a5 26. Ne5 f6 27. Nc4
Re7 28. Nxb6 Re5 29. Rd1 Rb5 30. Nc4 Rc7 31. a4 Rbb7 32. Nd6 Rb8 33. Nb5 Re7
34. Kf1 e5 35. Rd6 Ra8 36. Ke2 f5 37. c4 e4 38. g3 Rf7 39. b3 Kf8 40. Rb6 Rd7
41. c5 Rdd8 42. Nc7 Rab8 43. Ne6+ Ke7 44. Nxd8 Rxb6 45. cxb6 Kxd8 46. Ke3 Kd7
47. Kd4 Kc6 48. b7 Kxb7 49. b4 axb4 50. Kc4 Ka6 51. Kxb4 Kb6 52. a5+ Ka6 53.
Kc5 Kxa5 54. g4 fxg4 55. Kd4 Kb5 56. Kxe4 Kc4 57. Kf4 Kd4 58. Kxg4 h6 59. f4
Kd5 60. h3 Ke6 61. h4 Kf6 62. h5 1/2-1/2

[Event "4NCL/Div2/BR2-SWD"]
[Site "Rd8-Birmingham"]
[Date "2000.03.26"]
[Round "8.1"]
[White "McFarland, Robert"]
[Black "Cobb, James"]
[Result "1/2-1/2"]
[WhiteElo "2260"]
[BlackElo "2369"]
[PlyCount "63"]
[EventDate "2000.03.26"]

1. Nf3 Nc6 2. d4 d5 3. c4 Bg4 4. Nc3 e6 5. Bf4 Bb4 6. h3 Bxf3 7. gxf3 Nge7 8.
a3 Bxc3+ 9. bxc3 dxc4 10. e4 Ng6 11. Be3 b5 12. f4 Nce7 13. h4 Nf8 14. h5 Nd7
15. Qg4 Rg8 16. Bg2 f5 17. Qd1 fxe4 18. Bxe4 Nf6 19. Bxa8 Qxa8 20. Kd2 Kf7 21.
Rh2 Qd5 22. Qh1 Qf5 23. Rc1 Ned5 24. Qd1 Ne4+ 25. Ke1 g5 26. hxg6+ Rxg6 27.
Rxh7+ Kg8 28. Rh1 Nxf2 29. Bxf2 Qe4+ 30. Kd2 Qd3+ 31. Ke1 Qe4+ 32. Kd2 1/2-1/2

[Event "4NCL/Div2/BR2-SWD"]
[Site "Rd8-Birmingham"]
[Date "2000.03.26"]
[Round "8.2"]
[White "Dineley, Richard"]
[Black "Easton, Alex"]
[Result "1-0"]
[WhiteElo "2263"]
[BlackElo "2165"]
[PlyCount "95"]
[EventDate "2000.03.26"]

1. e4 e6 2. d4 d5 3. Nd2 Nf6 4. e5 Nfd7 5. Bd3 c5 6. c3 Nc6 7. Ne2 Qb6 8. Nf3
cxd4 9. cxd4 f6 10. exf6 Nxf6 11. O-O Bd6 12. b3 O-O 13. Bf4 Bxf4 14. Nxf4 Bd7
15. Rc1 Rae8 16. Bb1 Ne7 17. g3 Nf5 18. Re1 Nd6 19. Ne5 Bc8 20. h4 Nde4 21. Kg2
a5 22. Qd3 Nd7 23. Nxd7 Bxd7 24. f3 Nf6 25. Nh5 Re7 26. Re5 Bb5 27. Qc3 Be8 28.
Nf4 g6 29. Rce1 Bf7 30. Nxd5 Nxd5 31. Rxd5 Rc7 32. Rc5 Rd7 33. Qxa5 Qxa5 34.
Rxa5 Rxd4 35. Kf2 Rfd8 36. Be4 b6 37. Ra7 R8d7 38. Rxd7 Rxd7 39. Re2 Kg7 40.
Ke3 e5 41. Rc2 Ra7 42. Kd2 Be6 43. Kc3 Bf5 44. Kb4 Bxe4 45. fxe4 Rd7 46. Rc3 h6
47. Kb5 Rd6 48. Rc7+ 1-0

[Event "4NCL/Div2/BR2-SWD"]
[Site "Rd8-Birmingham"]
[Date "2000.03.26"]
[Round "8.3"]
[White "Dilleigh, Stephen"]
[Black "James, David J"]
[Result "0-1"]
[WhiteElo "2186"]
[BlackElo "2238"]
[PlyCount "122"]
[EventDate "2000.03.26"]

1. c4 e5 2. g3 Nc6 3. Bg2 g6 4. Nc3 Bg7 5. e4 d6 6. Nge2 f5 7. d3 Nh6 8. O-O
O-O 9. Bd2 f4 10. f3 fxg3 11. hxg3 Be6 12. Nd5 Qd7 13. Be3 Nd4 14. Nxd4 exd4
15. Bf2 g5 16. Nb4 a5 17. Nc2 c5 18. Na3 Bh3 19. Be1 Be5 20. Qd2 Bxg2 21. Qxg2
Kh8 22. Bd2 Rg8 23. Nb5 d5 24. Rae1 dxc4 25. dxc4 Nf7 26. Rd1 Rg6 27. Be1 Qe6
28. b3 b6 29. a4 Rag8 30. Kf2 Rh6 31. Ke2 Rgg6 32. Bf2 Nd8 33. Rh1 Nc6 34. Rxh6
Rxh6 35. Rh1 Nb4 36. Rxh6 Qxh6 37. Bg1 Qf6 38. Qh3 d3+ 39. Kd2 Qxf3 40. Qc8+
Kg7 41. Qd7+ Qf7 42. Qxf7+ Kxf7 43. g4 Kg6 44. Nc3 Bf4+ 45. Be3 Nc6 46. Nd5
Bxe3+ 47. Kxe3 Ne5 48. Nxb6 Nxg4+ 49. Kxd3 Ne5+ 50. Ke2 g4 51. Nd5 Kg5 52. Kf2
h5 53. Kg3 h4+ 54. Kg2 Nc6 55. Kh2 Nd4 56. Kg2 Nxb3 57. e5 Nd4 58. Nf6 Kf4 59.
Nd7 Ne6 60. Nf6 Ng5 61. Nd7 h3+ 0-1

[Event "4NCL/Div2/BR2-SWD"]
[Site "Rd8-Birmingham"]
[Date "2000.03.26"]
[Round "8.4"]
[White "Zeidler, Sven"]
[Black "Buckley, David"]
[Result "1-0"]
[WhiteElo "2235"]
[BlackElo "2153"]
[PlyCount "107"]
[EventDate "2000.03.26"]

1. e4 Nf6 2. Nc3 d5 3. e5 Ne4 4. Nce2 d4 5. c3 Nc6 6. Nxd4 Nxd4 7. Qa4+ c6 8.
Qxd4 Qxd4 9. cxd4 Ng5 10. Bc4 Bf5 11. d3 Ne6 12. Be3 Nc7 13. Rc1 g6 14. Ne2 Bg7
15. Ng3 Be6 16. Ne4 Bd5 17. O-O O-O-O 18. b4 Kb8 19. a4 Ne6 {(=)} 20. Rfd1 f5
21. Ng5 Nxg5 22. Bxg5 Bf8 23. e6 Bg7 24. Bxe7 Rde8 25. Bd6+ Ka8 26. Bxd5 cxd5
27. e7 Bxd4 28. Rc7 Bb6 29. Rd7 a5 30. bxa5 Bxa5 31. Bc7 Bb4 32. Bd8 Rhg8 33.
Rb1 Bc5 34. Rdxb7 Bxe7 35. Rxe7 Rxd8 36. Rxh7 Rb8 37. Rxb8+ Rxb8 38. g3 f4 39.
gxf4 Rb4 40. Rg7 Rxa4 41. Rxg6 Rxf4 42. Rb6 Ra4 43. Rb3 Ra6 44. f4 Ra4 45. d4
Rxd4 46. Rf3 Re4 47. f5 Re7 48. f6 Rf7 49. h4 Kb7 50. h5 Kc6 51. h6 Kd7 52. h7
Rf8 53. f7 Ke7 54. Kf2 1-0

[Event "4NCL/Div2/BR2-SWD"]
[Site "Rd8-Birmingham"]
[Date "2000.03.26"]
[Round "8.5"]
[White "Grossett, Duncan"]
[Black "Morris, Charles"]
[Result "0-1"]
[WhiteElo "2185"]
[BlackElo "2231"]
[PlyCount "92"]
[EventDate "2000.03.26"]

1. e4 e6 2. d4 d5 3. Nd2 Nf6 4. e5 Nfd7 5. c3 c5 6. f4 Nc6 7. Ndf3 cxd4 8. cxd4
Qb6 9. a3 f6 10. Bd3 Be7 11. Ne2 O-O 12. Rf1 Rf7 13. b4 Nf8 14. Nc3 a6 15. Ra2
Bd7 16. Re2 Na7 17. Na4 Bxb4+ 18. Kf2 Qc6 19. Bc2 Be7 20. Bb3 b6 21. Rc2 Qb7
22. Nc3 b5 23. Kg1 Nc8 24. f5 Nb6 25. exf6 gxf6 26. fxe6 Bxe6 27. Nh4 Qd7 28.
Rcf2 f5 29. Nf3 Qc7 30. Ne2 Bd6 31. Kh1 Rg7 32. g3 Ng6 33. Bh6 Re7 34. Ng5 Rae8
35. Bc2 Bc8 36. Qd3 Nc4 37. a4 Re3 38. Qd1 R3e7 39. Nh3 f4 40. Bxg6 Bxh3 41.
Bxe8 Ne3 42. Qb3 Bxf1 43. Bh5 Bxe2 44. Bxe2 Re6 45. Bxf4 Bxf4 46. Rxf4 Qc1+ 0-1

[Event "4NCL/Div2/BR2-SWD"]
[Site "Rd8-Birmingham"]
[Date "2000.03.26"]
[Round "8.6"]
[White "Richmond, Peter"]
[Black "Humphreys, Jerry"]
[Result "1-0"]
[WhiteElo "2202"]
[BlackElo "2125"]
[PlyCount "59"]
[EventDate "2000.03.26"]

1. e4 c5 2. Nf3 e6 3. d4 cxd4 4. Nxd4 Nf6 5. Nc3 d6 6. Be3 Nc6 7. Bc4 Be7 8.
Qe2 O-O 9. O-O-O Qc7 10. Bb3 Nxd4 11. Rxd4 a6 12. g4 e5 13. Rc4 Qb8 14. g5 Ne8
15. Nd5 Bd8 16. Rc3 Be6 17. h4 b5 18. f4 exf4 19. Bxf4 a5 20. Ne3 a4 21. Bd5 b4
22. Rd3 Ra7 23. Kb1 Qb5 24. Re1 Bb6 25. Nf5 Bxf5 26. exf5 Bd8 27. g6 Nf6 28.
Bxf7+ Rfxf7 29. gxf7+ Rxf7 30. Rxd6 1-0

[Event "4NCL/Div2/BR2-SWD"]
[Site "Rd8-Birmingham"]
[Date "2000.03.26"]
[Round "8.7"]
[White "Tidman, Sophie"]
[Black "Binks, Michael"]
[Result "0-1"]
[WhiteElo "2072"]
[BlackElo "2118"]
[PlyCount "92"]
[EventDate "2000.03.26"]

1. e4 e5 2. Nf3 Nc6 3. d4 exd4 4. Nxd4 Bc5 5. Be3 Qf6 6. c3 Nge7 7. Bc4 Ne5 8.
Be2 Qg6 9. O-O Qxe4 10. Nb5 Qc6 11. Bxc5 Qxc5 12. Qd4 Qxd4 13. cxd4 N5c6 14.
Nxc7+ Kd8 15. Nxa8 Nxd4 16. Bd3 d5 17. Na3 Be6 18. Rac1 Nec6 19. f4 g6 20. Nc2
Nxc2 21. Rxc2 Kd7 22. f5 gxf5 23. Bxf5 Rxa8 24. Bxe6+ fxe6 25. Rf7+ Kd6 26.
Rxh7 d4 27. g4 e5 28. Kf1 e4 29. Rg2 Ne5 30. g5 Rc8 31. Ke1 d3 32. Kd1 e3 33.
Rh6+ Kd5 34. g6 e2+ 35. Rxe2 dxe2+ 36. Kxe2 Rc2+ 37. Kf1 Nxg6 38. Rxg6 {(=)}
Rxh2 39. Rg2 Rxg2 40. Kxg2 Ke4 41. Kf2 Kd3 42. b3 Kc3 43. Ke3 Kb2 44. Kd4 Kxa2
45. Kc4 Ka3 46. b4 b6 0-1